| 000 | 00831nam a22002777a 4500 | ||
|---|---|---|---|
| 001 | 6049 | ||
| 003 | FISKH | ||
| 005 | 20250304110851.0 | ||
| 008 | 250227b cb ||||| |||| 00| 0 eng d | ||
| 020 | _a9781595152640 | ||
| 040 |
_aFISKH _beng _cFISKH _dFISKH |
||
| 050 | _aPZ7 | ||
| 082 | _a536.078 | ||
| 100 | _aMitten, Luana K. | ||
| 245 |
_aWhat is hot? What is not? / _cby Luana K. Mitten and Mary M. Wagner |
||
| 260 |
_aMinnesota : _bRourke Publishing, _c2004. |
||
| 300 |
_a16 pages : _bcolor illustrations ; _c16 x 19 cm |
||
| 505 | _aE | ||
| 520 | _aCompares Objects All Around That Are Hot And Cold. | ||
| 521 | 8 |
_a160
_bLexile estimate |
|
| 521 | 8 |
_aE
_bRaz-Plus |
|
| 650 |
_aPhysical Science _vOpposites _xOrange Dot |
||
| 700 |
_aWagner Mary M. _eAuthor |
||
| 942 |
_2ddc _cBK _n0 |
||
| 999 |
_c6049 _d6049 |
||